[Event "SLO-chT NML 31st"]
[Site "Ptuj/Grosuplje"]
[Date "2021.10.16"]
[Round "5.5"]
[White "Kos, Toni"]
[Black "Gruskovnjak, Tomislav"]
[Result "1-0"]
[WhiteElo "2301"]
[BlackElo "2297"]
[PlyCount "87"]
[EventDate "2021.10.08"]
[EventType "team-tourn"]
[EventRounds "9"]
[EventCountry "SLO"]
[SourceTitle "EXT 2023"]
[Source "ChessBase"]
[SourceDate "2022.10.05"]
[SourceVersion "1"]
[SourceVersionDate "2022.10.05"]
[SourceQuality "1"]
[WhiteTeam "Krsko Triglav"]
[BlackTeam "Pomgrad"]
[WhiteTeamCountry "SLO"]
[BlackTeamCountry "SLO"]

1. e4 c6 2. Nc3 d5 3. Nf3 dxe4 4. Nxe4 Nf6 5. Nxf6+ exf6 6. Bc4 Qe7+ 7. Qe2 Bg4 8. 0-0 Qxe2 9. Bxe2 Bd6 10. d4 0-0 11. Rd1 Re8 12. Kf1 Nd7 13. h3 Bf5 14. c4 Rad8 15. Be3 Nf8 16. d5 c5 17. b4 b6 18. bxc5 bxc5 19. Bd3 Bd7 20. Rdb1 Rb8 21. Rb3 Rb6 22. Ra3 Bc8 23. Rxa7 Nd7 24. Ra5 g6 25. Bc2 Ra6 26. Rb5 Ne5 27. Nxe5 Bxe5 28. Rd1 Rxa2 29. Bb3 Rb2 30. Bxc5 Ba6 31. Ra5 Ra8 32. d6 Rxb3 33. Rxa6 Rd8 34. Be3 Rc3 35. c5 f5 36. Ra5 Rc4 37. g3 Kf8 38. Ra7 h5 39. Rd5 Bf6 40. h4 f4 41. Bxf4 Bd4 42. d7 Ke7 43. Bc7 Rxd7 44. Bd8+ 1-0

[Event "SLO-chT NML 31st"]
[Site "Ptuj/Grosuplje"]
[Date "2021.10.10"]
[Round "3.4"]
[White "Gruskovnjak, Tomislav"]
[Black "Drnovsek, Nejc"]
[Result "1/2-1/2"]
[WhiteElo "2297"]
[BlackElo "2265"]
[PlyCount "88"]
[EventDate "2021.10.08"]
[EventType "team-tourn"]
[EventRounds "9"]
[EventCountry "SLO"]
[SourceTitle "EXT 2023"]
[Source "ChessBase"]
[SourceDate "2022.10.05"]
[SourceVersion "1"]
[SourceVersionDate "2022.10.05"]
[SourceQuality "1"]
[WhiteTeam "Pomgrad"]
[BlackTeam "Maribor Branik"]
[WhiteTeamCountry "SLO"]
[BlackTeamCountry "SLO"]

1. d4 d5 2. c4 c6 3. Nc3 Nf6 4. cxd5 cxd5 5. Bf4 Nc6 6. e3 a6 7. Nf3 Bg4 8. Be2 Bxf3 9. Bxf3 e6 10. 0-0 Be7 11. Rc1 Rc8 12. Na4 Nd7 13. e4 dxe4 14. Bxe4 Nf6 15. Bxc6+ Rxc6 16. Rxc6 bxc6 17. Qc2 0-0 18. Qxc6 Qxd4 19. Be3 Qd5 20. Qxd5 Nxd5 21. Rc1 Rd8 22. Kf1 f5 23. Rc6 Nxe3+ 24. fxe3 Rd6 25. Rc7 Kf8 26. Kf2 Rd5 27. Nb6 Rb5 28. Nc4 Rc5 29. Rxc5 Bxc5 30. a3 Ke7 31. b4 Ba7 32. a4 Bb8 33. h3 g5 34. e4 Kd7 35. b5 axb5 36. axb5 h5 37. e5 Ba7+ 38. Kf3 Bd4 39. g4 fxg4+ 40. hxg4 hxg4+ 41. Kxg4 Kc7 42. Kxg5 Bxe5 43. Nxe5 Kb6 44. Kf6 Kxb5 1/2-1/2

[Event "SLO-chT 28th"]
[Site "Slovenia"]
[Date "2018.11.09"]
[Round "4.4"]
[White "Gregoric, Andraz"]
[Black "Gruskovnjak, Tomislav"]
[Result "0-1"]
[WhiteElo "1847"]
[BlackElo "2269"]
[PlyCount "81"]
[EventDate "2018.11.02"]
[EventType "team-tourn"]
[EventRounds "9"]
[EventCountry "SLO"]
[SourceTitle "CBM 187 Extra"]
[Source "ChessBase"]
[SourceDate "2018.11.04"]
[SourceVersion "1"]
[SourceVersionDate "2018.11.04"]
[SourceQuality "1"]
[WhiteTeam "Nova Gorica"]
[BlackTeam "Pomgrad Radenska"]
[WhiteTeamCountry "SLO"]
[BlackTeamCountry "SLO"]

1. e4 c5 2. Nf3 d6 3. d4 cxd4 4. Nxd4 Nf6 5. Nc3 a6 6. Bg5 e6 7. f4 Qb6 8. Qd2 Nc6 9. Nxc6 bxc6 10. e5 Nd5 11. Nxd5 cxd5 12. Rb1 h6 13. Bh4 dxe5 14. fxe5 Bc5 15. Bd3 Be3 16. Qe2 Qb4+ 17. Kf1 Qf4+ 18. Qf3 Qxh4 19. Qxe3 0-0 20. Kg1 a5 21. h3 Bb7 22. c3 Ba6 23. Bxa6 Rxa6 24. Kh2 Rc6 25. Qg3 Qxg3+ 26. Kxg3 Rb8 27. Rhd1 Rc4 28. Rd4 Rxc3+ 29. bxc3 Rxb1 30. Ra4 Rb5 31. Kf4 Rc5 32. Ra3 Rc4+ 33. Ke3 a4 34. Kf3 h5 35. g3 Kh7 36. g4 Kg6 37. Kg3 hxg4 38. hxg4 Kg5 39. Kh3 Kf4 40. Kh4 Kxe5 41. Kh5 0-1

[Event "SLO-chT 27th"]
[Site "Slovenia"]
[Date "2017.10.21"]
[Round "5.5"]
[White "Gruskovnjak, Tomislav"]
[Black "Mohr, Georg"]
[Result "0-1"]
[WhiteElo "2279"]
[BlackElo "2468"]
[PlyCount "112"]
[EventDate "2017.09.29"]
[EventType "team-tourn"]
[EventRounds "9"]
[EventCountry "SLO"]
[SourceTitle "CBM 181 Extra"]
[Source "ChessBase"]
[SourceDate "2017.12.12"]
[SourceVersion "1"]
[SourceVersionDate "2017.12.12"]
[SourceQuality "1"]
[WhiteTeam "Pomgrad Radenska"]
[BlackTeam "Maribor"]
[WhiteTeamCountry "SLO"]
[BlackTeamCountry "SLO"]

1. d4 e6 2. c4 b6 3. Nc3 Bb7 4. Nf3 Nf6 5. Bg5 h6 6. Bh4 Bb4 7. Qb3 a5 8. a3 a4 9. Qxb4 Nc6 10. Qb5 Ra5 11. e3 Rxb5 12. cxb5 Ne7 13. Be2 g5 14. Bg3 d6 15. h3 Ne4 16. Nxe4 Bxe4 17. 0-0 Nf5 18. Nd2 Bb7 19. Rfc1 Kd7 20. Rc3 Qa8 21. Rac1 Rc8 22. Nf3 Ne7 23. Ne1 f5 24. R3c2 Bd5 25. f3 Bb3 26. Rc3 Nd5 27. Rc6 Nxe3 28. Bxd6 cxd6 29. Rxc8 Qxc8 30. Rxc8 Kxc8 31. Kf2 f4 32. g3 Nf5 33. gxf4 gxf4 34. Nd3 Nxd4 35. Nxf4 e5 36. Ng6 Bf7 37. Nh4 Nxe2 38. Kxe2 Be6 39. Ng6 Bxh3 40. Ne7+ Kb7 41. Nd5 Be6 42. Nc3 Bb3 43. f4 Kc7 44. Ke3 Kd7 45. Ne4 exf4+ 46. Kxf4 Ke6 47. Nd2 Kd5 48. Ne4 Bc2 49. Nf6+ Kc5 50. Ng4 h5 51. Ne3 Bg6 52. Kg5 Be8 53. Nf5 d5 54. Ng7 Bf7 55. Kf6 h4 56. Kxf7 h3 0-1

[Event "Portoroz op 11th"]
[Site "Portoroz"]
[Date "2017.07.23"]
[Round "2"]
[White "Gruskovnjak, Tomislav"]
[Black "Skrbec, Leon"]
[Result "1-0"]
[WhiteElo "2320"]
[BlackElo "1613"]
[PlyCount "109"]
[EventDate "2017.07.22"]
[EventType "swiss"]
[EventRounds "9"]
[EventCountry "SLO"]
[SourceTitle "EXT 2018"]
[Source "ChessBase"]
[SourceDate "2017.10.13"]
[SourceVersion "1"]
[SourceVersionDate "2017.10.13"]
[SourceQuality "1"]

1. c4 c5 2. Nf3 Nc6 3. d4 cxd4 4. Nxd4 d6 5. Nc3 Nf6 6. e4 e5 7. Nc2 Be6 8. Be2 Be7 9. 0-0 0-0 10. Ne3 Nd4 11. Bd3 Rc8 12. Ne2 Nxe2+ 13. Qxe2 Nd7 14. Nf5 Bxf5 15. exf5 Nc5 16. Be4 Qd7 17. Bc2 Bf6 18. Rd1 Qc7 19. Rb1 Nd7 20. b3 Rfe8 21. Be4 Nc5 22. g3 Nxe4 23. Qxe4 Qc6 24. Rd5 Be7 25. a4 g6 26. Ba3 Rcd8 27. Rbd1 Bf8 28. h4 Qb6 29. R1d3 a6 30. Bc1 Rc8 31. h5 Kg7 32. hxg6 fxg6 33. Qh4 Kg8 34. fxg6 hxg6 35. Qf6 Bg7 36. Qxg6 e4 37. Rxd6 Qb4 38. Rd7 Qf8 39. Bh6 Re7 40. Bxg7 Rxg7 41. Rxg7+ Qxg7 42. Qe6+ Kh7 43. Qh3+ Kg8 44. Qxc8+ Kh7 45. Rd7 a5 46. Rxg7+ Kxg7 47. Qxb7+ Kf6 48. Qxe4 Kf7 49. c5 Kg7 50. c6 Kf7 51. c7 Kg7 52. c8Q Kf7 53. Qec6 Kg7 54. Q8d7+ Kg8 55. Qcc8# 1-0

[Event "SLO-chT"]
[Site "Slovenia"]
[Date "2016.12.11"]
[Round "9.4"]
[White "Mazi, Leon"]
[Black "Gruskovnjak, Tomislav"]
[Result "1/2-1/2"]
[WhiteElo "2357"]
[BlackElo "2309"]
[PlyCount "26"]
[EventDate "2016.10.14"]
[EventType "team-tourn"]
[EventRounds "9"]
[EventCountry "SLO"]
[SourceTitle "EXT 2018"]
[Source "ChessBase"]
[SourceDate "2017.10.13"]
[SourceVersion "1"]
[SourceVersionDate "2017.10.13"]
[SourceQuality "1"]
[WhiteTeam "Prevodi Dvojka"]
[BlackTeam "Pomgrad Radenska"]
[WhiteTeamCountry "SLO"]
[BlackTeamCountry "SLO"]

1. e4 e5 2. Nf3 Nc6 3. Bb5 a6 4. Ba4 Nf6 5. 0-0 Be7 6. Re1 b5 7. Bb3 0-0 8. c3 Re8 9. h3 d6 10. Ng5 Rf8 11. Nf3 Re8 12. Ng5 Rf8 13. Nf3 Re8 1/2-1/2

[Event "SLO-chT"]
[Site "Slovenia"]
[Date "2016.10.15"]
[Round "2"]
[White "Murko, David"]
[Black "Gruskovnjak, Tomislav"]
[Result "1/2-1/2"]
[WhiteElo "2180"]
[BlackElo "2309"]
[PlyCount "84"]
[EventDate "2016.10.14"]
[EventType "team-tourn"]
[EventRounds "9"]
[EventCountry "SLO"]
[SourceTitle "EXT 2017"]
[Source "ChessBase"]
[SourceDate "2016.10.25"]
[SourceVersion "1"]
[SourceVersionDate "2016.10.25"]
[SourceQuality "1"]
[WhiteTeam "Ptuj"]
[BlackTeam "Pomgrad Radenska"]
[WhiteTeamCountry "SLO"]
[BlackTeamCountry "SLO"]

1. e4 c5 2. Nf3 Nc6 3. Bb5 d6 4. 0-0 Bd7 5. Re1 Nf6 6. c3 a6 7. Bf1 Bg4 8. d3 e6 9. Nbd2 Be7 10. a4 Nd7 11. Nc4 Nde5 12. Be2 Qc7 13. Bf4 0-0 14. h3 Bh5 15. Bg3 Rfd8 16. Nh4 Bxe2 17. Qxe2 Rd7 18. Nf3 Nxc4 19. dxc4 Rad8 20. Rad1 Na5 21. Nd2 Bg5 22. f4 Bf6 23. Bf2 h6 24. b4 Nc6 25. b5 Na5 26. Qf3 axb5 27. axb5 b6 28. g4 Re8 29. h4 g6 30. g5 Bg7 31. Kg2 h5 32. Bg3 Qd8 33. f5 Be5 34. f6 Qc7 35. Qd3 Red8 36. Re2 Qb7 37. Kg1 Kf8 38. Ree1 Ke8 39. Qf3 Qb8 40. Kg2 Kf8 41. Qd3 Ke8 42. Qf3 Kf8 1/2-1/2

[Event "Steyr Landesliga 1516"]
[Site "Austria"]
[Date "2016.03.05"]
[Round "8.2"]
[White "Gruskovnjak, Tomislav"]
[Black "Menezes, Christoph"]
[Result "1/2-1/2"]
[WhiteElo "2352"]
[BlackElo "2364"]
[PlyCount "40"]
[EventDate "2015.09.26"]
[EventType "team-tourn"]
[EventRounds "11"]
[EventCountry "AUT"]
[SourceTitle "EXT 2017"]
[Source "ChessBase"]
[SourceDate "2016.10.25"]
[SourceVersion "1"]
[SourceVersionDate "2016.10.25"]
[SourceQuality "1"]
[WhiteTeam "Gamlitz"]
[BlackTeam "Trofaiach Niklasdorf"]
[WhiteTeamCountry "AUT"]
[BlackTeamCountry "AUT"]

1. Nf3 Nf6 2. c4 g6 3. g3 Bg7 4. Bg2 0-0 5. 0-0 c5 6. d4 cxd4 7. Nxd4 Nc6 8. Nc3 Ng4 9. e3 d6 10. h3 Nge5 11. b3 Bd7 12. Nde2 f5 13. Bb2 Nf7 14. Qd2 Qa5 15. Rfd1 Rfc8 16. f4 e6 17. Nb5 Qxd2 18. Rxd2 Bxb2 19. Rxb2 a6 20. Nxd6 Nxd6 1/2-1/2

[Event "SLO-chT 25th"]
[Site "Otocec"]
[Date "2015.10.17"]
[Round "2.10"]
[White "Gruskovnjak, Tomislav"]
[Black "Suta, Andraz"]
[Result "1/2-1/2"]
[WhiteElo "2340"]
[BlackElo "2165"]
[PlyCount "128"]
[EventDate "2015.10.16"]
[EventType "team-tourn"]
[EventRounds "9"]
[EventCountry "SLO"]
[SourceTitle "EXT 2020"]
[Source "ChessBase"]
[SourceDate "2019.10.17"]
[SourceVersion "1"]
[SourceVersionDate "2019.10.17"]
[SourceQuality "1"]
[WhiteTeam "Radenska Pomgrad"]
[BlackTeam "Ptuj"]
[WhiteTeamCountry "SLO"]
[BlackTeamCountry "SLO"]

1. Nf3 f5 2. g3 Nf6 3. Bg2 g6 4. b4 Bg7 5. Bb2 d6 6. d4 0-0 7. 0-0 c6 8. c4 Na6 9. Qb3 Kh8 10. Rd1 Nc7 11. a4 h6 12. b5 g5 13. bxc6 bxc6 14. Ne5 Qe8 15. Bxc6 Qh5 16. Bf3 g4 17. Bxa8 dxe5 18. dxe5 Ne4 19. Bxe4 fxe4 20. Nd2 Bf5 21. Nf1 Ne6 22. Ne3 Ng5 23. Rf1 Be6 24. Bd4 Qh3 25. Qc2 Rf5 26. f4 gxf3 27. Rf2 fxe2 28. Nxf5 Bxf5 29. Qxe2 Bg4 30. Qf1 Qh5 31. Re1 Nh3+ 32. Kg2 Ng5 33. Kh1 Bf3+ 34. Rxf3 Nxf3 35. Qe2 Qg5 36. Rd1 Bxe5 37. Qxe4 Nxd4 38. Kg2 Ne6 39. Re1 Nf4+ 40. Kh1 Ng6 41. Qa8+ Kg7 42. Qxa7 Qg4 43. Qe3 Qxc4 44. Qe4 Qa2 45. Re2 Qa1+ 46. Re1 Qa2 47. Rf1 Bf6 48. h4 Ne5 49. h5 Qe6 50. Kg2 Qa2+ 51. Rf2 Qb3 52. Kh3 Qe6+ 53. Rf5 Qd6 54. Kg2 Qd2+ 55. Rf2 Qd1 56. Re2 Nf7 57. Qg6+ Kf8 58. Rc2 Qd7 59. a5 Ng5 60. Qxh6+ Kg8 61. Qg6+ Kf8 62. Qh6+ Kg8 63. Qg6+ Kf8 64. Qh6+ Kg8 1/2-1/2